000
00269nam a2200097Ia 4500
008
200302s9999 xx 000 0 und d
100
_a
Rao Bikaji Sansthan
245
_a
A Gold Flake Presentation Bikaner
260
_b
Cross Section Publications Pvt. Ltd.
300
_a
213 P.,
999
_c
1558
_d
1558